| 000 | 01393cam a2200337 i 4500 | ||
|---|---|---|---|
| 001 | 20533 | ||
| 003 | CO-MdFUSB | ||
| 005 | 20190202100352.0 | ||
| 008 | 161003b xxu||||| |||| 00| 0 eng d | ||
| 020 | _a9780800662530 | ||
| 040 |
_aCO-MdFUSB _bEspañol _cCO-MdFUSB _dCO-MdFUSB _erda |
||
| 041 | _aeng | ||
| 082 |
_224 _aG 230.0411 _bB587s |
||
| 100 | 1 |
_aBielfeldt, Dennis D. _eautor |
|
| 245 | 1 | 4 |
_aThe substance of the faith : _bLuther´s doctrinal theology for today _c/ Dennis Bielfeldt , Mickey L. Mattox y Paul R. Hinlicky ; editado y traducido por Paul R. Hinlicky |
| 264 |
_aMinneapolis, Minnesota : _bFortress Press, _c2008 |
||
| 300 | _a214 páginas | ||
| 336 |
_2rdacontent _a1 _ba1 |
||
| 337 |
_2rdamedia _a2 _b5 |
||
| 338 |
_2rdacarrier _a2 _b5 |
||
| 500 | _aIncluye índices | ||
| 501 | _aRústico | ||
| 505 | 0 | 0 | _aLutero y la interpretación de la escritura: la comprensión bíblica en forma trinitaria - Finales disputas trinitarias de Lutero: el realismo semántico y la trinidad - Nuevo lenguaje de Lutero sobre Espíritu: la teología trinitaria como dogmática crítica |
| 600 | 1 | 7 |
_aLuther, Martin _d(1483-1546) |
| 650 | 0 |
_aTeología doctrinal _xHistoria _9159 |
|
| 650 | 7 |
_aDios _2 _9178 |
|
| 700 | 1 |
_9454 _aMattox, Mickey Leland, _d1956- _ecoautor |
|
| 700 | 1 |
_9455 _aHinlicky, Paul R. _ecoautor _eintroductor _eeditor |
|
| 942 | _cBK | ||
| 999 |
_c46884 _d46884 |
||